000 00947nam a22002537a 4500
003 LK-CoMWRAF
005 20240120005422.0
008 240120b2009 |||||||| |||| 00| 0 eng d
020 _a9789551772345
040 _aLK-CoMWRAF
_dLK-CoMWRAF
_eLK-CoMWRAF
041 _aeng
082 _a303.4852
_bCRU
100 _aCrusz, Robert
245 _aThe Tsunami - affected Burgher women of Dutch Bar, Batticaloa, Sri Lanka
260 _aColombo :
_bSocial Scientists' Association,
_c2009
300 _a25 p. : ill., maps ; 24 cm.
520 _aStudy on Burgher women victims of Tsunami in Dutch Bar, Batticaloa, Sri Lanka.
650 _aWomen disaster victims -- Sri Lanka -- Dutch Bar (Batticaloa, Sri Lanka)
650 _a Burghers (Sri Lankan people)
650 _aTsunami damage -- Sri Lanka -- Dutch Bar (Batticaloa)
650 _aIndian Ocean Tsunami
650 _aTsunami relief -- Sri Lanka -- Dutch Bar (Batticaloa)
942 _cBK
999 _c4658
_d4658